000 00385nam a2200145 i 4500
001 bg
100 1 _aWILAMOWSKI, Maciej Bogdan.
245 0 _aUkłady scalone :
_bbudowa, działanie i technologia /
_cM. B. Wilamowski.
260 _aWarszawa,
_c1989.
650 9 _aUkłady elektroniczne
040 _cBPK
041 _apol
942 _cKS
008 s pl f |000 0 pol
999 _c28672
_d28672
856 _uhttp://koha.tu.koszalin.pl/cgi-bin/koha/opac-detail.pl?biblionumber=28672
_yKatalog online BPK